000 01415nam a22003617a 4500
003 CHAP
005 20220329143456.0
008 091208s2009 mx r 00010 spa d
010 _a97219
011 _a98191
035 _a108875
040 _cCHAP
090 _aTesis
100 1 _aGuevara Cruz, Francisco
_951303
245 1 0 _aDiseño de un elevador de trozas de madera para el aserradero de la División de Diencias Forestales
_c/por Francisco Guevara Cruz y José Antonio Rodríguez Falcón
260 _aChapingo, Méx. :
_bEl autor,
_c2009
300 _axvii, 145 h. :
_banexos, cuadros, gráfs. , ilus.
502 _aTesis (Ing. Mecánico Agrícola) -- UACH. Departamento de Ingenería Mecánica Agrícola
590 _aALEPH
_b10
_c20130110
_lUCH01
_h1531
590 _aBATCH-UPD
_b10
_c20130110
_lUCH01
_h1534
590 _aBATCH-UPD
_b10
_c20130410
_lUCH01
_h0939
590 _aBATCH-UPD
_b10
_c20130914
_lUCH01
_h1206
590 _aCONVERSION
_b10
_c20130109
_lUCH01
_h1354
650 1 4 _aDiseño en ingeniería.
_932730
650 1 4 _aElevadores.
_936266
650 1 4 _aMadera aserrada.
_969637
650 1 4 _aMaquinaria forestal
_xDiseño.
_971214
700 1 _aRodríguez Falcón, José Antonio.
_998475
901 _aBK
942 _cFOLL
949 _aTesis
_bBC
_cTES
_d33724002139371
_eTS1
_gDonaciØn
_h49800
_i108875
_sb
949 _aTesis
_bBC
_cTES
_d33724002139413
_eTS2
_fc.2
_gDonaciØn
_h49801
_i108875
_sb
999 _c97219
_d97219